Política y género /
Сохранить в:
| Соавтор: | |
|---|---|
| Другие авторы: | |
| Формат: | |
| Язык: | испанский |
| Серии: | (Cuadernos Legislativos)
|
| Предметы: | |
| Метки: |
Нет меток, Требуется 1-ая метка записи!
|
MARC
| LEADER | 00000nam^a2200000^a^4500 | ||
|---|---|---|---|
| 001 | 000183953 | ||
| 005 | 20250521000000.0 | ||
| 009 | 20260310102058.338 | ||
| 037 | |a Acervo ITESO - Biblioteca | ||
| 041 | |a ESP | ||
| 082 | |a 305. 420972 |b MEX DIP PRD | ||
| 110 | |a México. |b Congreso de la Unión (59a Legislatura : 2003-2006). Cámara de Diputados. Grupo Parlamentario del PRD | ||
| 245 | 1 | 0 | |a Política y género / |c Grupo Parlamentario del PRD ; coord. de M. Lagarde y de los Ríos. |
| 264 | |a México : |b Congreso de la Unión, Cámara de Diputados, LIX Legislatura, Grupo Parlamentario del PRD, |c 2003 | ||
| 300 | |a 55 p. | ||
| 336 | |a texto |b txt |2 rdacontenido | ||
| 337 | |a sin mediación |b n |2 rdamedio | ||
| 338 | |a volumen |b nc |2 rdasoporte | ||
| 440 | 1 | |a (Cuadernos Legislativos) | |
| 649 | |a XX | ||
| 650 | |a Mujeres - |z México - |x Condiciones Políticas | ||
| 650 | |a Relaciones Intergénero - |z México | ||
| 650 | |a Proceso Legislativo - |z México - |x Historia - |y 1994-2000 | ||
| 650 | |a Proceso Legislativo - |z México - |x Historia - |y Siglo XX | ||
| 650 | |a Proceso Político - |z México - |x Historia | ||
| 650 | |a Política de Género - |z Oaxaca - |x Historia - |y 2000-2006 | ||
| 650 | |a Política de Género - |z Oaxaca - |x Historia - |y Siglo XXI | ||
| 650 | |a Política de Género - |z México - |x Historia - |y 2000-2006 | ||
| 650 | |a Política de Género - |z México - |x Historia - |y Siglo XXI | ||
| 650 | |a Política de Género - |z México - |x Tema Principal | ||
| 650 | |a Oaxaca - |x Condiciones Políticas | ||
| 650 | |a Política - |z Oaxaca - |x Historia - |y 2000-2006 | ||
| 650 | |a Política - |z Oaxaca - |x Historia - |y Siglo XXI | ||
| 650 | |a México - |x Condiciones Políticas | ||
| 650 | |a Política - |z México - |x Historia - |y 1994-2000 | ||
| 650 | |a Política - |z México - |x Historia - |y Siglo XX | ||
| 650 | |a Política - |z México - |x Historia - |y 2000-2006 | ||
| 650 | |a Política - |z México - |x Historia - |y Siglo XXI | ||
| 700 | |a Lagarde y de los Ríos, Marcela |e (coordinación) | ||
| 910 | |a Fondo General | ||
| 920 | |a Impresos - Libros | ||
| 930 | |a Colección General | ||
| 905 | |a 101 | ||
| 901 | |a 0500124860 |b IT1 |c ACC |u 20250521 | ||
| 902 | |a https://opac.biblio.iteso.mx/vufind/Record/000183953 | ||